Le style Louis XIV
Guardat en:
| Format: | Llibre |
|---|---|
| Idioma: | francès |
| Publicat: |
París
Flammarion
1948
|
| Col·lecció: | La Grammaire des Styles, 7
|
| Matèries: | |
| Etiquetes: |
Afegir etiqueta
Sense etiquetes, Sigues el primer a etiquetar aquest registre!
|
MARC
| LEADER | 00000nam a2200000 a 4500 | ||
|---|---|---|---|
| 001 | UCV7769 | ||
| 003 | CL-VaPUC | ||
| 008 | 890807e19480000FR |||||||||||||||||fre|d | ||
| 082 | 0 | 4 | |a 709.032 |b STY |2 21 |
| 245 | 1 | 3 | |a Le style Louis XIV |
| 300 | |a 63 p | ||
| 942 | |c BK | ||
| 945 | |d 19890807 00:00:00 | ||
| 260 | |a París |b Flammarion |c 1948 | ||
| 500 | |a Ouvrage orné de 28 figures dans le texte et de 16 planches hors texte | ||
| 650 | 0 | |a Arte francés |v Siglo 17 |9 301893 | |
| 650 | 0 | |a Decoración y ornamentación |x Estilo |x Luis XIV |9 265525 | |
| 583 | |a last modification |c 20180314 14:48:51 |k Rodrigo Vera | ||
| 490 | 0 | |a La Grammaire des Styles, 7 | |
| 999 | |c 213399 |d 213397 | ||
| 952 | |0 0 |1 0 |4 0 |6 709_032000000000000_STY_1948 |7 0 |8 X |9 195749 |a BIBHIS |b BIBHIS |d 2019-11-14 |i 136331K |o 709.032 STY 1948 |p 136331K |r 2024-01-30 |w 2019-11-14 |y BK_X |k HIS | ||
| 952 | |0 0 |1 0 |4 0 |6 709_032000000000000_STY_1948 |7 0 |8 X |9 195750 |a BIBHIS |b BIBHIS |d 2019-11-14 |i 1363328 |o 709.032 STY 1948 |p 1363328 |r 2024-01-30 |w 2019-11-14 |y BK_X |k HIS | ||